| 000 | 00766nam a2200277Ia 4500 | ||
|---|---|---|---|
| 008 | 171120s9999 xx 000 0 und d | ||
| 020 | _a9.7881319133e+012 | ||
| 050 | _a551.5 | ||
| 050 | _bP376 2012 | ||
| 100 | _aPegasus. | ||
| 245 | _aAtmosphere, weather & climate environment : | ||
| 245 | _bincludes various weather instruments, climate classification system, different layers of the atmosphere / | ||
| 245 | _cby Pegasus. | ||
| 260 | _aNew Delhi : | ||
| 260 | _bPegasus, | ||
| 260 | _c2012 | ||
| 300 | _a31 pages : | ||
| 300 | _bcolor illustrations ; | ||
| 300 | _c28cm. | ||
| 440 | _aPegasus encyclopedia. | ||
| 500 | _aIncludes index. | ||
| 650 | _aEarth sciences. | ||
| 650 | _aMeteorology. | ||
| 700 | _aSeries. | ||
| 700 | _aTitle. | ||
| 999 |
_c345216 _d345216 |
||